UBT Library

Sistemi Kushtetues i Republikës së Kosovës / (Record no. 1109)

000 -LEADER
fixed length control field 00540nam a22001937a 4500
008 - FIXED-LENGTH DATA ELEMENTS--GENERAL INFORMATION
fixed length control field 150713b xxu||||| |||| 00| 0 alb d
020 ## - INTERNATIONAL STANDARD BOOK NUMBER
International Standard Book Number 9789951853279
041 0# - LANGUAGE CODE
Language code of text/sound track or separate title alb
080 ## - UNIVERSAL DECIMAL CLASSIFICATION NUMBER
Universal Decimal Classification number 342.2
Common auxiliary subdivision (496.51)
100 ## - Rafti
Rafti Bajrami, Arsim ;
245 ## - TITLE STATEMENT
Title Sistemi Kushtetues i Republikës së Kosovës /
Statement of responsibility, etc Arsim Bajrami.
260 ## -
-- Prishtinë :
-- Artini,
-- 2011.
300 ## -
-- 595 f. ;
-- 24 cm.
500 ## -
-- Parathënie : f.27-30
505 ## -
-- Literarua : f.591-595
650 #0 -
-- Shkenca politike
650 #0 -
-- Kushtetuta
942 ## - ADDED ENTRY ELEMENTS (KOHA)
Source of classification or shelving scheme
Item type Books
Holdings
Withdrawn status Lost status Source of classification or shelving scheme Damaged status Not for loan Collection code Permanent location Current location Shelving location Date acquired Total Checkouts Full call number Date last seen Price effective from Koha item type
          Koleksioni i përgjithshem UBT - Prishtine UBT - Prishtine Koleksioni i përgjithshem 07/13/2015   342.2 (496.51) BAJ 07/13/2015 07/13/2015 Books
UBT Library © 2015-2024. All rights reserved University Education for Business and Technology